| 000 | 00000nam##2200000za#4500 |
| 001 | 9.695433 |
| 003 | CaOODSP |
| 005 | 20210624234556 |
| 007 | cr ||||||||||| |
| 008 | 150407|1999||||xxc|||||o f|0| 0 eng|d |
| 040 | |aCaOODSP|beng |
| 043 | |an-cn--- |
| 086 | 1 |aM92-180/1999E-PDF |
| 110 | 1 |aCanada.|bNatural Resources Canada. |bClimate Change Secretariat. |
| 245 | 10|aTaking action on climate change : |h[electronic resource]|bat home, at work, on the road |
| 246 | 1 |iAt head of title : |aGlobal climate change |
| 260 | |aOttawa - Ontario : |bNatural Resources Canada. |cc1999. |
| 300 | |a20p.|billus. (some coloured), photographs |
| 500 | |aAt head of title: Global climate change. |
| 590 | |a12-15-Supp|b2012-04-13 |
| 690 | 07|aEnergy efficiency|2gcpds |
| 775 | 08|tPassez à l'action pour atténuer les changements climatiques : |w(CaOODSP)9.639569 |
| 776 | 0#|tTaking action on climate change : |w(CaOODSP)9.647641 |
| 856 | 40|ahttp://publications.gc.ca|qPDF|s663 KB|uhttps://publications.gc.ca/collections/Collection/M92-180-1999E.pdf |
| 986 | |aM27-01-1257E |